000
00318 a2200157 4500
001
158596
020
_a
040
_c
Magnum
100
_a
Tescarolo, Floriano
240
1
0
_a
Jornal dos astecas
_l
por
245
1
0
_a
Jornal dos astecas
362
0
_a
1899
440
1
_a
Dimensão
697
_a
COLECAO
942
_c
BK
999
_c
158596
_d
158596